Rosa Boemica sive Vita Sancti Woytiechi agnomine Adalberti Pragensis episcopi Ungariae, Poloniae, Prussiae apostoli : nunc primum ed. et XLV scultis imaginibus adornata /

Hlavní autor: Bolelucký z Hradiště, Matěj Benedikt, 1633-1690
Jazyk: Latina
Vydáno: Pragae : Urban Goliass, 1668
Témata:
Fyzický popis: [24], 526, 116 s., příl. ; 8°
Knihy
Uloženo v:
LEADER 01253nam a22003137a 4500
001 mzk03001172660
003 CZ BrMZK
005 20111017153434.0
007 ta
008 111017s1668 xr f fr|||||00| ||latod
040 |a BOA001  |b cze  |c BOA001 
072 7 |a 094  |x Staré tisky  |2 Konspekt  |9 12 
080 |a (0.068)094  |2 MRF 
100 1 |a Bolelucký z Hradiště, Matěj Benedikt,  |d 1633-1690  |7 jk01012588  |4 aut 
245 1 0 |a Rosa Boemica sive Vita Sancti Woytiechi agnomine Adalberti Pragensis episcopi Ungariae, Poloniae, Prussiae apostoli : nunc primum ed. et XLV scultis imaginibus adornata /  |c labore et sumpt ... Matthiae Bened. Boleluczky 
260 |a Pragae :  |b Urban Goliass,  |c 1668 
300 |a [24], 526, 116 s., příl. ;  |c 8° 
561 |a Provenience: Ad usum P.F. Sebastiani Wiestner O.P. 
561 |a Provenience: Ex libris Francisci May. 
655 7 |a staré tisky  |7 fd422076  |2 czenas 
903 |a RP 
910 |a ZNE450  |b ZD-14.VI/2.63 
978 |b Goliáš, Urban Baltazar  |a Praha  |c 1668 
984 |a Praha  |b Česko 
985 |a 1651-1700 
990 |a BK 
991 |k znojmo 
980 |g ZD-14.VI/2.63  |1 461030003813 
996 6 |b 461030003813  |c ZD-14.VI/2.63  |l stud. ST  |r Sklad / do násl. otevíracího dne  |n 0  |w 001741610  |u 000010  |a 1  |e BOA001  |s P